[Event "Francophone-ch 4th"]
[Site "Menton"]
[Date "2016.10.24"]
[Round "2"]
[White "Libiszewski, Fabien"]
[Black "Lemiere, Frederic"]
[Result "1-0"]
[WhiteElo "2543"]
[BlackElo "1987"]
[PlyCount "45"]
[EventDate "2016.10.23"]
[EventType "swiss"]
[EventRounds "9"]
[EventCountry "FRA"]
[SourceTitle "EXT 2018"]
[Source "ChessBase"]
[SourceDate "2017.10.13"]
[SourceVersion "1"]
[SourceVersionDate "2017.10.13"]
[SourceQuality "1"]

1. e4 e6 2. d4 d5 3. Nd2 a6 4. Ngf3 c5 5. e5 Nc6 6. c3 Nge7 7. Bd3 cxd4 8. cxd4 Nf5 9. Nb3 a5 10. 0-0 a4 11. Bxf5 axb3 12. Bb1 bxa2 13. Rxa2 Rxa2 14. Bxa2 Be7 15. Bb1 f5 16. exf6 Bxf6 17. Ne5 Bxe5 18. dxe5 Nxe5 19. Re1 Qf6 20. Qh5+ Nf7 21. Qxd5 0-0 22. Qc5 e5 23. Bxh7+ 1-0

[Event "Lille Luce op 7th"]
[Site "Lille"]
[Date "2016.04.13"]
[Round "7"]
[White "Lemiere, Frederic"]
[Black "Weill, Roland"]
[Result "1-0"]
[WhiteElo "1982"]
[BlackElo "2157"]
[PlyCount "105"]
[EventDate "2016.04.09"]
[EventType "swiss"]
[EventRounds "7"]
[EventCountry "FRA"]
[SourceTitle "CBM 171 Extra"]
[Source "ChessBase"]
[SourceDate "2016.04.26"]
[SourceVersion "1"]
[SourceVersionDate "2016.04.26"]
[SourceQuality "1"]

1. d4 Nf6 2. Nf3 g6 3. c4 Bg7 4. Nc3 0-0 5. e4 d6 6. Be2 Nbd7 7. Be3 e5 8. d5 Ng4 9. Bg5 f6 10. Bh4 Nh6 11. Nd2 Nf7 12. f3 c5 13. a3 Bh6 14. Nf1 a6 15. Bd3 Rb8 16. Bf2 b5 17. cxb5 axb5 18. Bxb5 f5 19. Ng3 Nf6 20. 0-0 Ng5 21. a4 fxe4 22. Ncxe4 Ngxe4 23. Nxe4 Nxe4 24. fxe4 Qa5 25. Qd3 Qb4 26. Be3 Bxe3+ 27. Qxe3 Qd4 28. Rxf8+ Kxf8 29. Rf1+ Ke7 30. Qxd4 exd4 31. b3 Bd7 32. Bc4 Ra8 33. Kf2 Rf8+ 34. Ke2 Rxf1 35. Kxf1 Kd8 36. Ke2 Kc7 37. a5 Bg4+ 38. Kd2 g5 39. Kd3 h6 40. b4 cxb4 41. Kxd4 Bd1 42. Kd3 Ba4 43. Kd2 Kd7 44. Kc1 Kc7 45. Kb2 Kb7 46. Bd3 Bd1 47. Bc2 Be2 48. Kb3 Ka6 49. Kxb4 Bb5 50. Bb3 Bd7 51. Bc4+ Ka7 52. Bb5 Bg4 53. Kc3 1-0

[Event "FRA-chT2S 9900"]
[Site "France"]
[Date "1999.12.04"]
[Round "3"]
[White "Lemiere, Frederic"]
[Black "Birens, Eric Andre"]
[Result "1-0"]
[WhiteElo "2110"]
[BlackElo "2099"]
[PlyCount "63"]
[EventDate "1999.01.15"]
[EventType "team"]
[EventRounds "7"]
[EventCountry "FRA"]
[SourceTitle "EXT 2002"]
[Source "ChessBase"]
[SourceDate "2001.11.25"]
[SourceVersion "1"]
[SourceVersionDate "2001.11.25"]
[SourceQuality "1"]

1. d4 Nf6 2. c4 c5 3. d5 g6 4. Nc3 Bg7 5. e4 d6 6. Nf3 0-0 7. h3 e6 8. Bd3 exd5 9. cxd5 a6 10. a4 Re8 11. 0-0 Nbd7 12. Bf4 Qe7 13. Re1 Nh5 14. Bh2 Ne5 15. Be2 Nxf3+ 16. Bxf3 Nf6 17. e5 dxe5 18. Rxe5 Qf8 19. Rxe8 Nxe8 20. d6 Bd4 21. Ne2 Nxd6 22. Nxd4 cxd4 23. Qxd4 Nf5 24. Qb6 Qe7 25. Rd1 Kg7 26. g4 Nh4 27. Bh1 a5 28. Qd4+ f6 29. Qd8 Qe2 30. Rc1 Bxg4 31. Rc7+ Kh6 32. Bf4+ 1-0

[Event "FRA-chT2S 9899"]
[Site "France"]
[Date "1999.??.??"]
[Round "7"]
[White "Bolding, Klaus"]
[Black "Lemiere, Frederic"]
[Result "1-0"]
[WhiteElo "2305"]
[BlackElo "2110"]
[PlyCount "49"]
[EventDate "1998.??.??"]
[EventType "team"]
[EventRounds "9"]
[EventCountry "FRA"]
[SourceTitle "EXT 2002"]
[Source "ChessBase"]
[SourceDate "2001.11.25"]
[SourceVersion "1"]
[SourceVersionDate "2001.11.25"]
[SourceQuality "1"]

1. e4 c5 2. Nf3 Nc6 3. b4 Nxb4 4. c3 Nc6 5. d4 cxd4 6. cxd4 e6 7. d5 exd5 8. exd5 Bb4+ 9. Bd2 Qe7+ 10. Be2 Bxd2+ 11. Nbxd2 Ne5 12. 0-0 Nh6 13. d6 Qf6 14. Nxe5 Qxe5 15. Nc4 Qf6 16. Qa4 0-0 17. Rad1 Qh4 18. f4 a6 19. Nb6 Rb8 20. Qc4 Ng4 21. Bxg4 Qxg4 22. Qc7 Qe2 23. Rde1 Qd2 24. Rc1 h5 25. Qxb8 1-0

[Event "FRA-chT2S 9798"]
[Site "France"]
[Date "1998.??.??"]
[Round "9"]
[White "Bramme, Emmanuelle"]
[Black "Lemiere, Frederic"]
[Result "1/2-1/2"]
[WhiteElo "2150"]
[BlackElo "2140"]
[PlyCount "156"]
[EventDate "1997.??.??"]
[EventType "team"]
[EventRounds "9"]
[EventCountry "FRA"]
[SourceTitle "EXT 2003"]
[Source "ChessBase"]
[SourceDate "2002.11.25"]
[SourceVersion "1"]
[SourceVersionDate "2002.11.25"]
[SourceQuality "1"]

1. d4 Nf6 2. Nf3 c5 3. c3 g6 4. Bf4 Bg7 5. e3 0-0 6. Be2 d5 7. h3 Nc6 8. 0-0 Qb6 9. Qb3 c4 10. Qxb6 axb6 11. Nbd2 b5 12. a3 Bf5 13. g4 Bd7 14. Ne5 Nxe5 15. Bxe5 Ne8 16. Bxg7 Kxg7 17. e4 Bc6 18. exd5 Bxd5 19. Bf3 Nc7 20. Rfe1 Bxf3 21. Nxf3 Nd5 22. Kh2 e6 23. Kg3 h6 24. Nd2 Rfd8 25. Rab1 Nb6 26. Ne4 Rd5 27. Nd2 Na4 28. Nf1 Re8 29. Ne3 Rdd8 30. f4 f6 31. Nd1 e5 32. fxe5 fxe5 33. b3 cxb3 34. Rxb3 exd4 35. Rxe8 Rxe8 36. cxd4 Rd8 37. Rb4 Rc8 38. Rxb5 b6 39. Rb3 Rc1 40. Ne3 Nc3 41. Kf3 Nb1 42. Ke2 Rh1 43. Nf1 Rxf1 44. Rxb6 Rh1 45. Rb3 Rh2+ 46. Kd1 Nd2 47. Rb2 Rxh3 48. Kxd2 Rxa3 49. Rb4 Kf6 50. Rc4 Rg3 51. d5 Ke5 52. Ke2 Kxd5 53. Ra4 Rc3 54. Ra6 Rc6 55. Ra5+ Ke4 56. Ra4+ Ke5 57. Kf3 Rc3+ 58. Kg2 Rd3 59. Ra6 Rd6 60. Ra5+ Kf4 61. Ra4+ Kg5 62. Kf3 Rd3+ 63. Kf2 Rb3 64. Rc4 Kh4 65. Rc6 g5 66. Rxh6+ Kxg4 67. Ra6 Rb2+ 68. Kg1 Kh4 69. Ra3 g4 70. Rc3 Re2 71. Ra3 Kg5 72. Rb3 Ra2 73. Rc3 Ra4 74. Kg2 Kf4 75. Rc2 Rd4 76. Ra2 Kg5 77. Ra3 Kf4 78. Rb3 Rd2+ 1/2-1/2

[Event "FRA-chT2S 9798"]
[Site "France"]
[Date "1998.??.??"]
[Round "6"]
[White "Lemiere, Frederic"]
[Black "Sauvadet, Herve"]
[Result "0-1"]
[WhiteElo "2140"]
[BlackElo "2095"]
[PlyCount "40"]
[EventDate "1997.??.??"]
[EventType "team"]
[EventRounds "9"]
[EventCountry "FRA"]
[SourceTitle "EXT 2003"]
[Source "ChessBase"]
[SourceDate "2002.11.25"]
[SourceVersion "1"]
[SourceVersionDate "2002.11.25"]
[SourceQuality "1"]

1. e4 e5 2. f4 exf4 3. Nf3 d6 4. d4 g5 5. h4 g4 6. Ng1 Bh6 7. Nc3 c6 8. Nge2 Qf6 9. g3 f3 10. Nf4 Nd7 11. Be3 Nb6 12. Qd2 Bd7 13. e5 dxe5 14. Ne4 Qe7 15. dxe5 0-0-0 16. Nd6+ Kb8 17. Qa5 f6 18. Nxb7 Kxb7 19. Qa6+ Kb8 20. Bxb6 Qb4+ 0-1

[Event "FRA-chT2S"]
[Site "France"]
[Date "1997.??.??"]
[Round "2"]
[White "Dunis, Aurelien"]
[Black "Lemiere, Frederic"]
[Result "1-0"]
[WhiteElo "1980"]
[BlackElo "2140"]
[PlyCount "59"]
[EventDate "1997.??.??"]
[EventType "team"]
[EventRounds "9"]
[EventCountry "FRA"]
[SourceTitle "EXT 2007"]
[Source "ChessBase"]
[SourceDate "2006.11.23"]
[SourceVersion "1"]
[SourceVersionDate "2006.11.23"]
[SourceQuality "1"]
[WhiteTeam "Nice Alekhine"]
[BlackTeam "Aix en Provence"]
[WhiteTeamCountry "FRA"]
[BlackTeamCountry "FRA"]

1. Nf3 Nf6 2. g3 g6 3. Bg2 Bg7 4. 0-0 d5 5. d3 0-0 6. Nbd2 Nc6 7. e4 e5 8. Qe2 h6 9. a3 a5 10. b3 Bg4 11. h3 Nd4 12. Qd1 dxe4 13. dxe4 Nxf3+ 14. Nxf3 Qxd1 15. Rxd1 Bxf3 16. Bxf3 Rfd8 17. Bb2 Nh7 18. h4 h5 19. Be2 Nf8 20. Bc4 Nd7 21. a4 Bf8 22. Rd3 Nc5 23. Rxd8 Rxd8 24. Bxe5 Nxe4 25. Bxc7 Rc8 26. Bb6 Bc5 27. Bxc5 Rxc5 28. Bd3 Nd2 29. Kg2 Rc3 30. Rd1 1-0

[Event "FRA-chT2S"]
[Site "France"]
[Date "1997.??.??"]
[Round "3"]
[White "Pujos, Stephane"]
[Black "Lemiere, Frederic"]
[Result "1-0"]
[WhiteElo "2255"]
[BlackElo "2140"]
[PlyCount "45"]
[EventDate "1997.??.??"]
[EventType "team"]
[EventRounds "9"]
[EventCountry "FRA"]
[SourceTitle "EXT 2007"]
[Source "ChessBase"]
[SourceDate "2006.11.23"]
[SourceVersion "1"]
[SourceVersionDate "2006.11.23"]
[SourceQuality "1"]
[WhiteTeam "Echiquier Nicois"]
[BlackTeam "Aix en Provence"]
[WhiteTeamCountry "FRA"]
[BlackTeamCountry "FRA"]

1. d4 Nf6 2. c4 c5 3. d5 b5 4. cxb5 a6 5. Nc3 axb5 6. e4 Qa5 7. Bxb5 Nxe4 8. Nge2 g6 9. 0-0 Nd6 10. Bd3 Bg7 11. Bg5 h6 12. Bf4 0-0 13. Qd2 Ba6 14. Bxa6 Qxa6 15. Bxh6 Nc4 16. Qc1 Bxh6 17. Qxh6 Nxb2 18. Rab1 Na4 19. Nb5 Qf6 20. Nc7 Ra7 21. Qxf8+ Kxf8 22. Rxb8+ Kg7 23. Ne8+ 1-0

[Event "Provence-ch access Meyreuil 9596"]
[Site "France"]
[Date "1995.??.??"]
[Round "4"]
[White "Lemiere, Frederic"]
[Black "Metras, Dominique"]
[Result "1-0"]
[WhiteElo "1880"]
[BlackElo "1870"]
[PlyCount "44"]
[EventDate "1995.??.??"]
[EventType "tourn"]
[EventRounds "9"]
[EventCountry "FRA"]
[SourceTitle "EXT 2005"]
[Source "ChessBase"]
[SourceDate "2004.11.15"]
[SourceVersion "1"]
[SourceVersionDate "2004.11.15"]
[SourceQuality "1"]

1. e4 c5 2. Nf3 d6 3. d4 cxd4 4. Nxd4 Nf6 5. Nc3 a6 6. f4 Qc7 7. a4 g6 8. Bd3 Bg7 9. Nf3 Nbd7 10. 0-0 0-0 11. Kh1 b6 12. Qe1 Bb7 13. Bd2 Nc5 14. b4 Nxd3 15. cxd3 Rac8 16. Rc1 Qd7 17. Be3 Qd8 18. Qh4 e6 19. f5 Nd7 20. Bg5 Bf6 21. Bxf6 Nxf6 22. Ng5 Qe7 1-0

[Event "Provence-ch access Meyreuil 9596"]
[Site "France"]
[Date "1995.??.??"]
[Round "9"]
[White "Refalo, JM."]
[Black "Lemiere, Frederic"]
[Result "1-0"]
[WhiteElo "1760"]
[BlackElo "1880"]
[PlyCount "81"]
[EventDate "1995.??.??"]
[EventType "tourn"]
[EventRounds "9"]
[EventCountry "FRA"]
[SourceTitle "EXT 2005"]
[Source "ChessBase"]
[SourceDate "2004.11.15"]
[SourceVersion "1"]
[SourceVersionDate "2004.11.15"]
[SourceQuality "1"]

1. e4 c5 2. Nf3 Nc6 3. d4 cxd4 4. Nxd4 Nf6 5. Nc3 e5 6. Ndb5 d6 7. Bg5 a6 8. Na3 Be6 9. Nc4 Rc8 10. Ne3 Be7 11. Bxf6 Bxf6 12. Ncd5 Bg5 13. Bd3 Ne7 14. Qh5 Ng6 15. g3 Bxe3 16. Nxe3 Qa5+ 17. c3 b5 18. 0-0 Qb6 19. a4 Ne7 20. axb5 axb5 21. Qe2 0-0 22. Bxb5 Rb8 23. c4 f5 24. Ra6 Qc5 25. Rd1 Rbd8 26. Nc2 fxe4 27. b4 Qc7 28. c5 Nc8 29. Ne3 Bf7 30. Nd5 Bxd5 31. Rxd5 dxc5 32. Rxc5 Qb8 33. Bc4+ Kh8 34. b5 Nd6 35. b6 Nxc4 36. Rxc4 Qb7 37. Rc7 Qd5 38. Raa7 Ra8 39. Rxg7 Rxa7 40. Rxa7 Qc5 41. Qe3 1-0